00596 2200229 4500001002100000005001500021035002000036008004100056245006600097100002800163250001000191260003700201300002900238020002200267084001700289082001100306650000900317990001000326990001000336990001000346990001000356INLIS00000000001204120260424110502 a0010-0426000012260424 e 0 ind 1 aTak perlu malu dengan menstruasimu /cDhianita Kusuma Pertiwi aDhianita Kusuma Pertiwi aCet.1 aYogyakarta :bMojok Group,c2024 axiv, 115 hlm ;c13x19 cm a978-623-5280-19-6 a612.66 DHI t a612.66 4aHaid a58239 a58240 a58241 a58242